000
00257nam a22001217a 4500
082
_a
297 ASP'I
100
_a
ASAD, MUHAMMAD
_9
1343
245
_a
ISLAM AT THE CROSSROADS
250
_a
9TH
260
_a
LAHORE
_b
ARAFAT
_c
1969
300
_a
160P
942
_c
BK
999
_c
583960
_d
583960